| 000 | 00502nam a2200193Ia 4500 | ||
|---|---|---|---|
| 008 | 220216s9999 xx 000 0 und d | ||
| 100 | _aMelnik I A | ||
| 245 | 0 | _aElectrically conductive rubbers | |
| 260 |
_bInternational Polymer Science and Technology _c2003 |
||
| 300 | _a2-Jan | ||
| 650 | _aCarbon black | ||
| 650 | _aRubber mixes | ||
| 650 | _aTear strength | ||
| 650 | _aTensile strength | ||
| 700 | _aBogatyrenko E A | ||
| 700 | _aPupkova N G | ||
| 700 | _aVikhireva N P | ||
| 942 | _cJS | ||
| 999 |
_c58516 _d58516 |
||